Qui est-ce ? Quiz par images - Statistiques

Statistiques générales
  • Ce quiz a été pris 309 fois
  • Le résultat moyen est 12 sur 16
Statistiques - réponses
Par images Réponse % Correct
Leonardo DiCaprio
98%
Albert Einstein
97%
Lionel Messi
97%
Michael Jackson
96%
Charles de Gaulle
94%
Élizabeth II
93%
Emma Watson
84%
Marilyn Monroe
82%
Diana Spencer
80%
Angelina Jolie
78%
Novak Djokovic
75%
Bruce Lee
69%
Madonna
62%
Robert Downey Jr.
56%
Daniel Craig
52%
Joséphine Baker
32%
Aucun quiz correspondant
Distribution des résultats
% des personnes avec chaque résultat
Percentile par nombre de réponses
Votre historique - résultats
Vous n’avez pas pris ce quiz